000 00550nam 22001813 4500
001 201252
090 _a201252
100 _a20260313d u||y0pory50 ba
200 _aDoutrinas de estética literária
_fpor Almeida Garrett
_gPrefácio e notas de Agostinho da Silva
205 _a
210 _aLisboa
_c[s.n.]
_d1961
215 _a94 p.
_cbrochado
_d19 cm
606 _93661
_aCrítica Literária.Estudos Literários
675 _a82.09
_vPT
_zpor
700 _91423
_aGarrett
_bAlmeida
_f1799-1854
801 _aPT
_bBMMN
_gRPC
830 _cFernando
990 _cLIVROS